<?xml version="1.0" encoding="UTF-8"?><?xml-stylesheet type="text/xsl" href="static/style.xsl"?><OAI-PMH xmlns="http://www.openarchives.org/OAI/2.0/" xmlns:xsi="http://www.w3.org/2001/XMLSchema-instance" xsi:schemaLocation="http://www.openarchives.org/OAI/2.0/ http://www.openarchives.org/OAI/2.0/OAI-PMH.xsd"><responseDate>2026-06-01T14:49:58Z</responseDate><request verb="GetRecord" identifier="oai:riuma.uma.es:10630/39242" metadataPrefix="marc">https://riuma.uma.es/rest/oai/request</request><GetRecord><record><header><identifier>oai:riuma.uma.es:10630/39242</identifier><datestamp>2026-02-03T11:35:01Z</datestamp><setSpec>com_10630_2254</setSpec><setSpec>col_10630_37953</setSpec></header><metadata><record xmlns="http://www.loc.gov/MARC21/slim" xmlns:dcterms="http://purl.org/dc/terms/" xmlns:doc="http://www.lyncode.com/xoai" xmlns:xsi="http://www.w3.org/2001/XMLSchema-instance" xsi:schemaLocation="http://www.loc.gov/MARC21/slim http://www.loc.gov/standards/marcxml/schema/MARC21slim.xsd">
   <leader>00925njm 22002777a 4500</leader>
   <datafield ind2=" " ind1=" " tag="042">
      <subfield code="a">dc</subfield>
   </datafield>
   <datafield ind2=" " ind1=" " tag="720">
      <subfield code="a">Carrero-Barril, Francisco Jesús</subfield>
      <subfield code="e">author</subfield>
   </datafield>
   <datafield ind2=" " ind1=" " tag="260">
      <subfield code="c">2013</subfield>
   </datafield>
   <datafield ind2=" " ind1=" " tag="520">
      <subfield code="a">En el presente estudio procederemos a revisar el papel que juegan los niveles inferiores de procesamiento lector en la comprensión cuando los alumnos sordos se enfrentan a los textos escritos. Los alumnos sordos presentan déficits en la competencia lingüística general, lo que se traduce en déficit en las capacidades sintácticas y semánticas a nivel oral, lo que condiciona un abordaje del lenguaje escrito con dificultades de base. (Paul, 2009). Por otro lado, los alumnos sordos presentan déficits específicos en el procesamiento del lenguaje escrito (Marschark, 2008). En este estudio nos centraremos en los niveles que preceden a los procesos específicos de comprensión lectora. Revisaremos en profundidad tres de ellos: la decodificación fonológica, el acceso al léxico y el conocimiento del vocabulario. En nuestra revisión actual, nos centraremos en primer lugar en la relación entre los problemas de conciencia fonológica y los resultados en eficiencia lectora. Más adelante veremos las dificultades de los niños con déficit auditivo para el acceso a la palabra escrita y sus consecuencias en el acceso al significado del texto. Y finalmente, revisaremos si el volumen de vocabulario que el alumno sordo posee incide en el resultado final de la lectura.</subfield>
   </datafield>
   <datafield ind1="8" ind2=" " tag="024">
      <subfield code="a">Carrero-Barril, F. (2013). La influencia de niveles básicos de procesamiento en la comprensión lectora de los alumnos sordos: revisión actual. Edu Review. Revista Internacional de Educación y Aprendizaje, 1 (1), 135-142.</subfield>
   </datafield>
   <datafield ind1="8" ind2=" " tag="024">
      <subfield code="a">https://hdl.handle.net/10630/39242</subfield>
   </datafield>
   <datafield ind1="8" ind2=" " tag="024">
      <subfield code="a">10.37467/gka-revedu.v1.619</subfield>
   </datafield>
   <datafield tag="653" ind2=" " ind1=" ">
      <subfield code="a">Lectura - Estudio y enseñanza</subfield>
   </datafield>
   <datafield tag="653" ind2=" " ind1=" ">
      <subfield code="a">Niños sordos - Educación</subfield>
   </datafield>
   <datafield ind2="0" ind1="0" tag="245">
      <subfield code="a">La influencia de niveles básicos de procesamiento en la comprensión lectora de los alumnos sordos: revisión actual</subfield>
   </datafield>
</record>
</metadata></record></GetRecord></OAI-PMH>